INTRODUCTION AGRONOMY AND PRINCIPLES OF CROP PRODUCTION (Record no. 25706)

MARC details
000 -LEADER
fixed length control field 00343nam a22001457a 4500
003 - CONTROL NUMBER IDENTIFIER
control field SGT
020 ## - INTERNATIONAL STANDARD BOOK NUMBER
International Standard Book Number 978-93-272-4159-4
082 ## - DEWEY DECIMAL CLASSIFICATION NUMBER
Classification number 630
Item number RED
100 ## - MAIN ENTRY--PERSONAL NAME
Personal name REDDY, S.R.
245 ## - TITLE STATEMENT
Title INTRODUCTION AGRONOMY AND PRINCIPLES OF CROP PRODUCTION
260 ## - PUBLICATION, DISTRIBUTION, ETC. (IMPRINT)
Place of publication, distribution, etc DELHI
Name of publisher, distributor, etc KALYANI
Year of Publication 2020
300 ## - PAGE DESCRIPTION
No. of Pages 288
650 ## - SUBJECT ADDED ENTRY--TOPICAL TERM
Topical term or geographic name as entry element AGRONOMY
942 ## - ADDED ENTRY ELEMENTS (KOHA)
Source of classification or shelving scheme Dewey Decimal Classification
Koha item type Books
942 ## - ADDED ENTRY ELEMENTS (KOHA)
-- 15
Holdings
Withdrawn status Lost status Source of classification or shelving scheme Damaged status Not for loan Home library Current library Shelving location Date acquired Vendor Name Cost, normal purchase price SGTU Bill Number Total Checkouts Full call number Accession No. (Barcode) Date last seen Date last borrowed Bill Date Koha item type
    Dewey Decimal Classification     SGT Science & Social Sciences Library SGT Science & Social Sciences Library Text Book 22/02/2024 KALYANI 295.00 SGTU 2140 3 630 RED AG2480 03/11/2025 30/08/2025   Books
    Dewey Decimal Classification     SGT Science & Social Sciences Library SGT Science & Social Sciences Library Text Book 22/02/2024 KALYANI 295.00 SGTU 2140 7 630 RED AG2481 19/12/2025 19/12/2025   Books
    Dewey Decimal Classification   Not For Loan SGT Science & Social Sciences Library SGT Science & Social Sciences Library Reference Book 22/02/2024 KALYANI 295.00 SGTU 2140   630 RED AG2482 22/02/2024     Books
    Dewey Decimal Classification     SGT Science & Social Sciences Library SGT Science & Social Sciences Library Text Book 22/02/2024 KALYANI 295.00 SGTU 2140 2 630 RED AG2483 10/01/2025 28/12/2024   Books
    Dewey Decimal Classification     SGT Science & Social Sciences Library SGT Science & Social Sciences Library Text Book 22/02/2024 KALYANI 295.00 SGTU 2140 3 630 RED AG2484 24/12/2025 04/11/2025   Books
    Dewey Decimal Classification     SGT Science & Social Sciences Library SGT Science & Social Sciences Library Text Book 22/02/2024 KALYANI 295.00 SGTU 2140 2 630 RED AG2485 13/09/2025 09/09/2025   Books
    Dewey Decimal Classification     SGT Science & Social Sciences Library SGT Science & Social Sciences Library Text Book 22/02/2024 KALYANI 295.00 SGTU 2140 5 630 RED AG2486 10/01/2025 07/01/2025   Books
    Dewey Decimal Classification     SGT Science & Social Sciences Library SGT Science & Social Sciences Library Text Book 22/02/2024 KALYANI 295.00 SGTU 2140   630 RED AG2487 22/02/2024     Books